00660nam a2200181Ia 4500001000700000003000500007008004100012010001100053040000900064100002900073245014700102260009100249300001000340440000500350500000500355503000500360650011300365Z_2026CHAP220113s1997 xx 000 0 und d a165099 cCHAP aJuárez Zárate, Angel aCaracterísticas generales y potencial productivo del avestruz (Struthio camelus) /cpor Angel Juárez Zárate y Federico Salvador Torres aChihuahua, Chih. :bUniversidad Autonóma de Chihuahua. Facultad de Zootecnia,c1997 a37 p. a a a aAvestruz I. Salvador Torres, Federico II. Universidad Autónoma de Chihuahua. Facultad de Zootecnia III. t.